[Event "American Continental-ch 2018"]
[Site "Montevideo"]
[Date "2018.06.07"]
[Round "7"]
[White "De Dovitiis, Alejo"]
[Black "Sosa, Tomas"]
[Result "1/2-1/2"]
[WhiteElo "2343"]
[BlackElo "2453"]
[Annotator "TA"]
[PlyCount "60"]
[EventDate "2018.??.??"]
[EventType "swiss"]
[EventCountry "URU"]
[SourceTitle "playchess.com"]
[Source "ChessBase"]
[SourceQuality "1"]

{[%evp 19,60,29,22,0,-2,-31,-18,-19,-32,-42,-50,-108,-117,-122,-125,-126,-118,-118,-98,-104,-96,-111,43,0,12,16,4,0,0,0,0,0,0,0,0,-61,-12,-12,125,-12,-12,-12,-12]} 1. d4 d5 2. c4 e6 3. Nf3 Nf6 4. g3 Bb4+ 5. Bd2 Bd6 (5... Be7 6. Bg2 O-O 7. O-O Nbd7 8. Qc2 c6 9. Rc1 b6 10. cxd5 cxd5 11. Bf4 Bb7 12. Qb3 Rc8 13. Rxc8 Qxc8 14. Nc3 Nh5 15. Bg5 Bxg5 16. Nxg5 Qb8 {½-½ (36) Karjakin,S (2753)-Wei,Y (2743) Wijk aan Zee 2018}) 6. Bg2 {E01: Catalan: Early deviations} O-O 7. O-O Nbd7 8. Qc2 c6 9. Bg5 h6 10. Bxf6 Nxf6 {LiveBook: 67 Games} 11. Nc3 dxc4 12. Rfd1 b5 13. Ne5 $146 Qb6 14. a4 Bb7 15. a5 {[#]} (15. Ne4 $15 Nxe4 16. Qxe4) 15... Qa6 $1 $17 16. Ne4 Nxe4 17. Qxe4 Rac8 18. Nd7 Rfd8 19. Nc5 Bxc5 $1 20. dxc5 b4 $2 ({Black should play} 20... Rxd1+ $17 21. Rxd1 Qxa5) 21. Rd6 Rxd6 22. cxd6 {Hoping for Qh4.} Rd8 23. Qe5 Ba8 24. Qc5 Qb5 25. Qxa7 {Threatens to win with Qe7.} Qe5 26. Rd1 Qxe2 27. Rc1 ({White should try} 27. Rd4 $1 $11 c5 28. Qc7 Bxg2 29. Qxd8+ Kh7 30. Kxg2 cxd4 31. d7 Qe4+ 32. Kg1) 27... Qxb2 $15 28. Rxc4 {Qb6 is the strong threat.} Qb3 {[#]} (28... Qe5 $11 {remains equal.}) 29. Qe7 (29. Rd4 $1 $16 c5 30. Qxc5 Qb1+ 31. Bf1) 29... Qd1+ $11 30. Bf1 Qxd6 {Precision: White = 23%, Black = 56%.} 1/2-1/2

[Event "American Continental-ch 2018"]
[Site "Montevideo"]
[Date "2018.06.07"]
[Round "7"]
[White "Varacalli, Francisco"]
[Black "Saralegui, Mario"]
[Result "1-0"]
[WhiteElo "2312"]
[BlackElo "2069"]
[Annotator "RC"]
[PlyCount "83"]
[EventDate "2018.??.??"]
[EventType "swiss"]
[EventCountry "URU"]
[SourceTitle "playchess.com"]
[Source "ChessBase"]
[SourceQuality "1"]
[TimeControl "40/5400+30:1800+30"]

1. e4 e5 {[%emt 0:00:27]} 2. Nf3 {[%emt 0:00:00]} Nc6 {[%emt 0:00:13]} 3. Bc4 {[%emt 0:00:23]} Nf6 {[%emt 0:00:12]} 4. d3 {[%emt 0:00:35]} Be7 {[%emt 0:00:10]} 5. Bb3 {[%emt 0:00:30]} d6 {[%emt 0:00:30]} 6. c3 {[%emt 0:00:30]} O-O {[%emt 0:00:00]} 7. O-O {[%emt 0:00:38]} Na5 {[%emt 0:00:05]} 8. Bc2 {[%emt 0:00:06]} c5 {[%emt 0:00:06]} 9. Re1 {[%emt 0:01:13]} Nc6 {[%emt 0:00:17]} 10. Nbd2 {[%emt 0:01:22]} Re8 {[%emt 0:00:31]} 11. Nf1 {[%emt 0:00:07]} Be6 {[%emt 0:00:09]} 12. h3 {[%emt 0:00:58]} h6 {[%emt 0:00:21]} 13. Ng3 {[%emt 0:11:01]} Bf8 {[%emt 0:01:26]} 14. d4 {[%emt 0:00:30]} cxd4 {[%emt 0:00:30]} 15. cxd4 {[%emt 0:00:30]} Bd7 {[%emt 0:00:30]} 16. d5 {[%emt 0:00:30]} Nb4 {[%emt 0:00:30]} 17. Bb1 {[%emt 0:00:30]} a5 {[%emt 0:00:30]} 18. a3 {[%emt 0:00:30]} Na6 {[%emt 0:00:30]} 19. Bc2 {[%emt 0:00:30]} Nc5 {[%emt 0:00:30]} 20. b3 {[%emt 0:00:30]} Rc8 {[%emt 0:00:30]} 21. b4 {[%emt 0:00:30]} axb4 {[%emt 0:00:30]} 22. axb4 {[%emt 0:00:30]} Na6 {[%emt 0:00:30]} 23. Bd2 {[%emt 0:00:30]} g6 {[%emt 0:00:30]} 24. Bd3 {[%emt 0:00:30]} Ra8 {[%emt 0:29:12]} 25. Be3 {[%emt 0:22:30]} Nc7 {[%emt 0:07:57]} 26. Qe2 {[%emt 0:00:55]} Qe7 {[%emt 0:00:23]} 27. Ra5 Rxa5 {[%emt 0:07:53]} 28. bxa5 {[%emt 0:06:33]} Ncxd5 {[%emt 0:00:11]} 29. exd5 {[%emt 0:22:24]} e4 {[%emt 0:05:18]} 30. Qb2 {[%emt 0:00:24]} exf3 {[%emt 0:01:11]} 31. Qxb7 {[%emt 0:06:10]} Qd8 {[%emt 0:12:53]} 32. Ra1 {[%emt 0:01:09]} fxg2 {[%emt 0:00:25]} 33. a6 {[%emt 0:01:54]} Bc8 {[%emt 0:04:15]} 34. Qb3 {[%emt 0:04:11]} Qd7 {[%emt 0:01:32]} 35. Be2 {[%emt 0:01:06]} Qxh3 {[%emt 0:14:16]} 36. Bf3 {[%emt 0:02:42]} Bxa6 {[%emt 0:02:20]} 37. Rxa6 {[%emt 0:00:27]} Ng4 {[%emt 0:00:08]} 38. Bxg4 {[%emt 0:00:10]} Qxg4 39. Kxg2 h5 {[%emt 0:00:34]} 40. Qa4 {[%emt 0:02:10]} Qc8 {[%emt 0:35:34]} 41. Ra7 {[%emt 0:32:10]} h4 {[%emt 0:00:00]} 42. Qxh4 1-0

[Event "American Continental-ch 2018"]
[Site "Montevideo"]
[Date "2018.06.07"]
[Round "7"]
[White "Foisor, Sabina-Francesca"]
[Black "Roselli Mailhe, Bernardo"]
[Result "1/2-1/2"]
[WhiteElo "2301"]
[BlackElo "2433"]
[Annotator "TA"]
[PlyCount "125"]
[EventDate "2018.??.??"]
[EventType "swiss"]
[EventCountry "URU"]
[SourceTitle "playchess.com"]
[Source "ChessBase"]
[SourceQuality "1"]

{[%evp 21,125,65,75,58,89,51,115,110,126,127,138,139,133,101,112,125,158,116,137,126,157,154,138,146,175,158,160,125,162,151,192,158,217,223,253,208,196,187,193,192,182,170,186,160,234,168,185,171,408,403,386,391,360,322,337,342,308,187,158,-8,0,-8,-8,-8,-8,-50,-50,-50,-50,-56,-8,-8,-12,-14,0,0,0,0,0,0,0,0,0,0,6,6,7,0,0,0,0,0,0,0,0,0,0,0,0,0,0,0,0,0,0,0]} 1. d4 Nf6 2. Nf3 g6 3. c4 Bg7 4. g3 O-O 5. Bg2 d6 6. Nc3 Nbd7 7. O-O e5 8. e4 c6 9. h3 exd4 10. Nxd4 Qb6 11. Nde2 Ne8 {LiveBook: 9 Partien. E69: Königsindisch (Hauptvariante des g3-Systems mit e2-e4 und h2-h3)} (11... Nc5 12. Qc2 Nfd7 13. Be3 a5 14. Rad1 Qb4 15. Rxd6 Ne5 16. a3 Qb3 17. Qb1 Na4 18. Nxa4 Qxa4 19. Rd4 {0-1 (45) Alavi,S (2457)-Harutjunyan,G (2414) Teheran 2016}) 12. Qc2 a5 13. Bg5 $146 ({Vorgänger:} 13. Rb1 Qa6 14. b3 Nc5 15. Be3 f5 16. Bd4 Bxd4 17. Nxd4 fxe4 18. Nxe4 Nxe4 19. Qxe4 {1-0 (44) Rohde,W (2198)-Jaeger,A (2019) Berlin 2008}) 13... f6 (13... Qc5 $14 14. Be7 Qxc4) 14. Be3 Qc7 15. Na4 b6 16. Nd4 Nc5 17. Nc3 Bb7 18. Rad1 Rc8 19. Na4 Rf7 20. Nxc5 bxc5 21. Ne6 Qe7 22. Nxg7 Kxg7 23. f4 {[%cal Bf2f4,Bf4f5][%mdl 32]} d5 24. Bd2 ({Schlechter ist} 24. cxd5 cxd5 25. Rfe1 d4 $11) 24... d4 25. Rde1 (25. Bxa5 $6 Ra8 $14) 25... Ra8 26. f5 Bc8 (26... g5 $16) 27. g4 $18 {[%cal Bg3g4,Bg4g5][%mdl 32]} Ra7 {Jetzt ...g5 und Schwarz darf weiter klammern.} 28. h4 Qd8 29. g5 gxf5 30. exf5 Rae7 31. Rxe7 Rxe7 32. Qd1 (32. Bxc6 $6 Qd6 $14) 32... Re5 (32... Bd7 $16 {ist eine bessere Verteidigung.} 33. Bf4 Bxf5) 33. Qg4 ({Keinesfalls} 33. Bxc6 $6 fxg5 34. hxg5 Rxf5) 33... Kh8 34. h5 {[%cal Bh4h5,Bh5h6][%mdl 32]} Ng7 $2 (34... Qd7 35. h6 (35. Bxa5 Nd6 $16) 35... Qe7 36. Bxc6 Re2) 35. gxf6 Qxf6 {[%cal Rg7f5]} 36. Bg5 Qf7 37. h6 Nxf5 38. Bxc6 Qg6 39. Bd5 Re8 {[#]} 40. Kh1 $2 (40. Qf4 $1 $16) 40... Ne3 $36 {[%mdl 2048] Schwarz hat Initiative.} 41. Qh4 {jetzt Lf6+ und aus.} Nxd5 42. cxd5 Bb7 $1 {[%cal Rb7d5]} 43. Qf4 {Droht Matt per Df8+!} Bxd5+ 44. Kg1 Kg8 45. Qf5 Qxf5 (45... Qe6 {keeps more tension.} 46. Qxe6+ Rxe6 47. Rf5 Bxa2 48. Rxc5 a4) 46. Rxf5 {Die Stellung ist ausgeglichen.} Bxa2 {Droht ...Tc8 und aus.} 47. Rxc5 $15 {[%mdl 4096] Endspiel KTL-KTL} Re1+ 48. Kf2 Rb1 49. Bc1 {[#]} Bd5 $1 {[%mdl 512]} 50. Ke2 (50. Rxd5 Rxc1) 50... Be4 51. Kd2 Ra1 52. Rc4 Bg6 (52... Bf5 {is more complex.} 53. Rxd4 Kf7 54. Rd5 Ke6 55. Rc5 Be4) 53. Rxd4 Kf7 54. Rf4+ Ke6 55. Rf1 Ra4 56. Kc3 Kd5 57. Rd1+ Kc6 58. Be3 Re4 59. Kd2 Rc4 60. Rc1 Rxc1 61. Kxc1 Kb5 62. Kd2 Kc4 63. Bg5 {Precision: Weiß = 60%, Schwarz = 51%.} 1/2-1/2

[Event "American Continental-ch 2018"]
[Site "Montevideo"]
[Date "2018.06.07"]
[Round "7"]
[White "Grabinsky, Aaron"]
[Black "El Debs, Felipe De Cresce"]
[Result "0-1"]
[WhiteElo "2296"]
[BlackElo "2537"]
[Annotator "TA"]
[PlyCount "120"]
[EventDate "2018.??.??"]
[EventType "swiss"]
[EventCountry "URU"]
[SourceTitle "playchess.com"]
[Source "ChessBase"]
[SourceQuality "1"]

{[%evp 9,120,0,0,0,6,0,16,14,15,11,29,12,20,0,13,-9,10,10,31,26,49,56,54,-21,-29,-23,0,0,11,-103,34,0,0,0,47,55,98,79,76,0,0,0,0,0,0,0,0,0,0,25,20,0,0,0,0,0,0,0,0,0,0,0,0,0,0,0,1,0,0,-77,-68,-76,-76,-76,-76,-70,-69,-69,-77,-74,-69,-69,-69,-62,-69,-69,-77,-77,-76,-76,-67,-85,-8,-95,-100,-230,-227,-228,-228,-211,-180,-142,-43,-353,-291,-29985,-29986,-29986,-29987,-29987,-29988,-29988,-29989]} 1. d4 d5 2. Bf4 c5 3. e3 Nc6 4. c3 cxd4 5. exd4 Bf5 (5... Nf6 6. Bd3 Bg4 7. Qb3 Qc8 8. Nd2 e6 9. Ngf3 Bh5 10. O-O Be7 11. Rae1 a6 12. Qc2 Bg6 13. Ne5 Nxd4 14. Qa4+ Nc6 15. Nxg6 hxg6 16. Nf3 b5 17. Qd1 Qd7 18. a4 bxa4 19. Qxa4 {1-0 (84) Nakamura,H (2780)-Topalov,V (2749) Saint Louis 2017}) 6. Nf3 {B13: Caro-Kann: Exchange Variation and Panov-Botvinnik Attack} e6 7. Nbd2 Bd6 8. Bxd6 {The position is equal.} Qxd6 9. Nh4 Bg6 (9... Nf6 {seems wilder.} 10. Bb5 Bg6 11. O-O a6 12. Be2 O-O) 10. Nxg6 hxg6 11. g3 Nf6 12. Bd3 O-O-O $146 ({Predecessor:} 12... g5 13. Qe2 Nd7 14. Nf3 Qe7 15. O-O-O g4 16. Nh4 Qg5+ 17. Kb1 O-O-O 18. h3 gxh3 19. Rxh3 e5 20. Nf3 {½-½ (21) Dille,J-Gosztola,I ICCF corr 1987}) 13. f4 Rh5 14. Nf3 Ne4 15. Bxe4 dxe4 16. Ne5 (16. Ng5 $14 Rf8 17. Nxe4) 16... Nxe5 $11 17. fxe5 Qd5 18. O-O Rdh8 19. Qe2 (19. h4 $11 {remains equal.}) 19... Rf5 (19... Rxh2 $17 20. Qxh2 Rxh2 21. Kxh2 f5) 20. Rae1 Qxa2 21. Ra1 Rxf1+ 22. Rxf1 {[%mdl 4096] Endgame KQR-KQR} Rh5 23. g4 $1 {[%cal Rg4h5]} ({Reject} 23. Rxf7 $6 Rf5 $11) 23... Rh3 24. Rxf7 (24. Qb5 $16 {Threatening mate with Qc5+.} Rf3 25. Rxf3 exf3 26. Kf2) 24... Rxc3 25. Qb5 {[%cal Rb5e8]} ({But not} 25. Rxg7 $2 Qb1+ 26. Kf2 Rc2 $19) 25... Qb1+ 26. Rf1 Rc1 27. Qe8+ Kc7 28. Qe7+ Kc6 $1 29. Qxe6+ Kb5 30. Qb3+ Ka6 $1 31. Qa3+ Kb5 32. Qb3+ Ka6 $1 33. Qa4+ Kb6 34. Qb4+ Ka6 35. Qa3+ Kb5 36. Qc5+ Rxc5 37. Rxb1 {KR-KR} Rd5 38. Rd1 {Black must now prevent Kf2.} Kc6 $1 39. e6 (39. Rd2 $11 {keeps the balance.}) 39... Kd6 $17 40. Kf2 Kxe6 {Hoping for ...Rb5.} 41. Ke3 Rb5 {Threatens to win with ...Kd5.} 42. Kxe4 Rxb2 43. Ra1 a6 $1 44. h4 Re2+ 45. Kf3 Rc2 46. Ke4 Kd6 47. Ra5 Re2+ 48. Kd3 Re6 49. Rg5 Ke7 50. h5 b6 (50... Kd6 $17) 51. Kc4 (51. d5 $11 Rf6 52. Re5+ Kd6 53. Ke4 gxh5 54. gxh5) 51... Kd6 52. hxg6 (52. Kd3 $17 {is a better defense.}) 52... Rf6 $1 $19 53. Kd3 {[#]} Kc6 $1 54. Ke4 a5 55. Ke5 {[#]} a4 ({Black should play} 55... Rd6 $1 $17 {[%cal Rd6d5] ...Rd5+ is the strong threat.} 56. Rf5 b5) 56. d5+ $2 {[%mdl 8192]} (56. Rf5 $1 $15 Rxf5+ 57. gxf5) 56... Kc5 57. Rf5 $2 (57. Rh5 $19 Rd6 58. Ke4) 57... Rxf5+ {Black mates.} 58. gxf5 a3 59. f6 a2 60. f7 a1=Q+ {Precision: White = 41%, Black = 55%.} 0-1

[Event "American Continental-ch 2018"]
[Site "Montevideo"]
[Date "2018.06.07"]
[Round "7"]
[White "Jodorcovsky Werjivker, Paulo"]
[Black "Escalante Ramirez, Brian Sebasti"]
[Result "1/2-1/2"]
[WhiteElo "2249"]
[BlackElo "2422"]
[Annotator "TA"]
[PlyCount "82"]
[EventDate "2018.??.??"]
[EventType "swiss"]
[EventCountry "URU"]
[SourceTitle "playchess.com"]
[Source "ChessBase"]
[SourceQuality "1"]

{[%evp 12,82,29,22,38,37,45,44,33,15,20,25,44,33,52,43,41,46,33,29,29,8,52,6,11,45,41,0,0,0,0,0,0,-71,-81,-86,-97,-258,-247,-211,-14,-372,-351,-359,22,22,22,22,22,22,22,22,22,22,25,25,25,23,25,25,26,26,26,26,26,8,8,8,10,0,0,0,0]} 1. d4 f5 2. g3 Nf6 3. Bg2 g6 4. Nf3 Bg7 5. O-O O-O 6. b3 b6 {A81: Holländische Verteidigung (Leningrader Variante)} (6... d6 7. Bb2 c6 8. c4 a5 9. Nbd2 Na6 10. a3 Re8 11. Qc2 Qc7 12. e4 fxe4 13. Nxe4 Nxe4 14. Qxe4 Bf5 15. Qe3 e5 16. dxe5 dxe5 17. Ng5 Bh6 18. h4 {0-1 (55) Georgiev,K (2596)-Cheparinov,I (2693) Kozloduy 2018}) 7. Ne5 {LiveBook: 3 Partien} d5 $146 ({Vorgänger:} 7... c6 8. Bb2 Bb7 9. c4 Qc8 10. Nd2 c5 11. d5 e6 12. e4 fxe4 13. dxe6 dxe6 14. Qe2 {½-½ (36) Stella,A (2506)-David,A (2570) Cosenza 2017}) 8. c4 Bb7 {Weiß steht etwas besser.} 9. Nc3 e6 10. Ba3 Re8 $1 11. Rc1 a6 12. e3 Nbd7 13. Qe2 Ne4 14. f4 Ndf6 15. Nxe4 dxe4 16. g4 fxg4 17. Nxg4 (17. Rf2 {keeps more tension.} a5 18. Nxg4 Nxg4 19. Qxg4 Qf6 20. Qg3) 17... Nxg4 18. Qxg4 c5 19. Rcd1 cxd4 20. exd4 Bxd4+ 21. Kh1 Qf6 22. Qe2 (22. Rfe1 $11) 22... e5 $17 23. fxe5 Qxe5 24. Rxd4 $2 {[#]} (24. Bc1 $17) 24... Qxd4 $19 25. Bb2 Qc5 $2 (25... Qd7 $19 {zielt auf ...e3 ab.} 26. Qe3 Rf8) 26. Qe1 $2 {[%mdl 8192]} (26. Qd2 $11 Rf8 27. Qd7 Rxf1+ 28. Bxf1) 26... Rf8 27. Rxf8+ Rxf8 $2 (27... Qxf8 $19 28. Bc1 Rd8) 28. Qc3 $11 {[%csl Gb2][%cal Rc3g7] [#]} Qe7 {Und ...Td8 würde nun gewinnen.} 29. Qh8+ Kf7 30. Qxh7+ Ke8 31. Qxe7+ Kxe7 {[%mdl 4096] Endspiel KTL-KL} 32. Ba3+ Kf7 33. Bxf8 Kxf8 {KL-KL} 34. Kg1 Ke7 35. Kf1 Kd6 36. Ke2 Ke5 37. Ke3 g5 38. Bh3 a5 {Die Stellung ist ausgeglichen.} 39. a3 Bc6 40. b4 axb4 41. axb4 Be8 {Precision: Weiß = 46%, Schwarz = 59%.} 1/2-1/2

[Event "American Continental-ch 2018"]
[Site "Montevideo"]
[Date "2018.06.07"]
[Round "7"]
[White "Mesias Rojas, Rabindranath"]
[Black "Campora, Daniel H."]
[Result "0-1"]
[WhiteElo "2203"]
[BlackElo "2424"]
[Annotator "TA"]
[PlyCount "122"]
[EventDate "2018.??.??"]
[EventType "swiss"]
[EventCountry "URU"]
[SourceTitle "playchess.com"]
[Source "ChessBase"]
[SourceQuality "1"]

{[%evp 9,122,10,10,10,10,10,24,9,18,21,36,33,47,47,74,72,98,68,94,84,93,65,89,79,96,85,79,81,85,50,60,61,65,58,57,20,49,44,50,38,51,0,16,-31,0,-38,-22,-22,-19,-245,-242,-336,-316,-327,-316,-315,-344,-332,-344,-306,-326,-450,-446,-392,-291,-293,-293,-467,-581,-597,-597,-581,-591,-567,-566,-520,-479,-845,-863,-787,-479,-479,-378,-310,-310,-461,-457,-404,-399,-363,-245,-343,-312,-633,-628,-582,-583,-539,-534,-522,-503,-397,-410,-904,-888,-888,-888,-852,-810,-29973,-29979,-29979,-29979,-29979,-29979]} 1. d4 Nf6 2. Nc3 d5 3. Bf4 e6 4. Nb5 Bd6 (4... Na6 5. e3 c6 6. Nc3 Nc7 7. Nf3 Bd6 8. Ne5 O-O 9. Qf3 Bb4 10. Bd3 Nb5 11. O-O Nxc3 12. bxc3 Bxc3 {0-1 (33) Jobava,B (2690)-Anand,V (2782) Riadh 2017}) 5. Nxd6+ cxd6 6. e3 {D00: 1 d4 d5: Unusual lines} Nc6 7. Nf3 O-O 8. Be2 {White has an edge.} Qe7 9. O-O Ne4 $146 ({Predecessor:} 9... e5 10. Bg5 Bf5 11. c3 Be4 {½-½ (70) Tologontegin,S (2393)-Sadorra,J (2574) Ashkhabad 2017}) 10. h3 f5 11. c4 Kh8 12. Bh2 a6 13. Rc1 Bd7 14. Nd2 Nf6 15. Bf3 Be8 16. cxd5 exd5 17. Qb3 Bf7 18. Qa3 Rad8 19. Nb3 g5 20. Na5 Be8 21. Nxc6 Bxc6 22. Bd1 Qd7 23. Qa5 Rg8 24. a4 Rg7 25. b4 Rdg8 $1 26. Qb6 Ne4 {[%cal Bf6e4,Be4f2,Bf2h3][%mdl 32]} 27. Re1 g4 28. hxg4 fxg4 {[%cal Bf5g4,Bg4g3][%mdl 32] aiming for ...g3.} 29. Bf4 $2 {[#]} (29. Bg3 $1 $11 {and White is okay.}) 29... g3 $1 $19 {[%cal Rg3f2]} 30. f3 Nf2 31. b5 axb5 32. axb5 {[#]} Nh3+ $1 {[%mdl 512]} 33. Kf1 ({Not} 33. gxh3 $2 Qxh3 34. Rc2 g2 $19) 33... Bxb5+ 34. Be2 Bc6 35. Qb4 Nxf4 36. exf4 Qe7 {( -> ...Qe3)} 37. Bb5 Qh4 38. Bxc6 (38. Ke2 $142 Qxf4 39. Bxc6 bxc6 40. Rxc6) 38... Qh1+ (38... bxc6 $2 39. Ke2 $19) 39. Ke2 Qxg2+ 40. Kd3 bxc6 41. Qxd6 Qxf3+ 42. Re3 Qg4 43. Qe5 (43. Qf6 $142 g2 44. Rg1) 43... g2 44. Rg1 Rf8 45. Re2 Qf3+ 46. Kc2 Qxf4 ({Don't play} 46... Kg8 47. Qe6+ Kh8 48. Qe5 $19) 47. Rexg2 (47. Qxf4 {only move.} Rxf4 48. Re8+ Rg8 49. Rxg8+ Kxg8 50. Rxg2+ Kf7 51. Kd3) 47... Qxe5 48. dxe5 Rxg2+ 49. Rxg2 {[%mdl 4096] Endgame KR-KR} Rg8 50. Rh2 Rg4 51. Rh6 $2 (51. Kd3) 51... Kg7 52. Rd6 h5 53. Kd3 Rc4 54. Ke3 Kf7 55. Kf3 h4 56. Rh6 (56. Kg2 $142) 56... c5 {[%cal Bc6c5,Bc5c4,Bc4c3][%mdl 32]} 57. Rd6 Rd4 58. Rh6 c4 {And now ...c3 would win.} 59. Rd6 c3 {Black mates.} 60. Ke3 Rc4 61. Rf6+ Ke7 {Precision: White = 41%, Black = 70%.} 0-1

[Event "American Continental-ch 2018"]
[Site "Montevideo"]
[Date "2018.06.07"]
[Round "7"]
[White "Donoso Diaz, Sebastian"]
[Black "Delgado Ramirez, Neuris"]
[Result "0-1"]
[WhiteElo "2184"]
[BlackElo "2613"]
[Annotator "TA"]
[PlyCount "178"]
[EventDate "2018.??.??"]
[EventType "swiss"]
[EventCountry "URU"]
[SourceTitle "playchess.com"]
[Source "ChessBase"]
[SourceQuality "1"]

{[%evp 20,177,10,23,37,10,39,17,28,21,47,0,0,0,0,0,1,3,0,0,0,0,0,-27,0,-7,0,0,0,0,32,-67,-63,-70,-75,-85,-87,-79,-27,-104,0,0,0,0,0,0,0,0,77,79,91,0,0,0,15,22,116,114,152,154,457,-40,-41,-44,-44,-44,-6,-6,-6,-6,-7,-52,-7,-44,-44,-44,-44,-44,-45,-60,-32,-78,-44,-44,-48,-48,0,-58,-20,-77,0,-74,-74,-74,-75,-88,-73,-119,-27,-35,-27,-216,-216,-393,-381,-367,-358,-345,-319,-297,-296,-286,-283,-241,-216,-216,-216,-216,-216,-216,-216,-216,-216,-216,-216,-216,-216,-216,-216,-216,-216,-216,0,-216,0,-216,-216,-216,-216,-216,-216,-297,-216,-297,-231,-29973,-29975,-29976,0,0,0,-29976,-29977,-29976,-29978,-29984,-29985,-29985,-29986,-29999]} 1. d4 Nf6 2. c4 e6 3. Nf3 d5 4. g3 Bb4+ 5. Bd2 Bd6 6. Bg2 Nbd7 7. O-O c6 8. Qc2 O-O 9. Bg5 h6 10. Bxf6 Nxf6 11. Nbd2 {LiveBook: 78 Games} Be7 $146 {E01: Catalan: Early deviations} ({Predecessor:} 11... b6 12. e4 Be7 13. Rfd1 Bb7 14. Rac1 Rc8 15. Ne5 dxc4 16. Ndxc4 b5 17. Qb3 a6 18. Ne3 Nd7 19. N3g4 Nxe5 20. Nxe5 {0-1 (59) Moroni,L (2559)-Wojtaszek,R (2738) Batumi 2018}) 12. a3 a5 13. Rfc1 a4 {The position is equal.} 14. c5 {[%cal Bc4c5,Bc5b6][%mdl 32]} b6 15. cxb6 Bb7 16. b4 axb3 17. Qxb3 {With the idea a4.} Ra6 18. e3 Nd7 19. a4 Rxb6 20. Qa2 Ra6 21. Nb3 Qc7 22. a5 Rb8 23. Ne1 Bb4 24. Bf1 Ra7 25. Nc2 {[#]} (25. a6 $14) 25... Bxa5 $1 $15 {[%mdl 512]} 26. Nxa5 Rba8 27. Qa3 Rxa5 28. Qe7 Qc8 (28... c5 $17 29. dxc5 Rxc5 30. Rxa8+ Bxa8) 29. Rab1 (29. Rxa5 $11 Rxa5 30. Ra1 Rxa1 31. Nxa1) 29... R5a7 (29... c5 $17 30. Bb5 Bc6 31. Bxc6 Qxc6) 30. Nb4 $11 Nb8 31. Qd6 Qf8 32. Qf4 Qe7 33. h4 Ra4 (33... Nd7 $11) 34. Nd3 $16 Na6 35. Nb2 ({Better is} 35. Rb6 $1 $16) 35... Rb4 $11 36. Nd3 {[%cal Bb2d3,Bd3e5,Be5g6][%mdl 32]} Rxb1 37. Rxb1 Rc8 (37... Ra7 $11 {remains equal.}) 38. Ne5 $1 $16 f6 39. Ng6 Qf7 $2 (39... Qc7 $16) 40. Rxb7 $2 (40. Qd6 $18 Re8 41. Rb6) 40... Qxb7 $15 41. Bxa6 $1 Qxa6 $18 {[%mdl 4096] Endgame KQR-KQN} 42. Ne7+ Kf7 43. Nxc8 Qxc8 $11 {KQ-KQ} 44. Qd6 Qe8 45. Qc7+ Kg6 46. Qd6 Kh7 47. Kf1 e5 48. dxe5 fxe5 49. Kg2 Kg8 50. Kg1 Kf7 51. Qc7+ Kf6 52. h5 Qe6 53. Kg2 ({White should try} 53. f3 $11) 53... d4 {Black wants to play ...Qd5+.} 54. e4 (54. Qd8+ $11 Kf5 55. Qf8+ Qf6 56. Qc8+ Ke4 57. Qb7) 54... Qe8 (54... Kg5 $1 $17 55. f4+ Kxh5 56. Qxg7 exf4 57. Qxd4 Kg6) 55. f4 (55. Qd6+ $11 {keeps the balance.} Qe6 56. Qf8+ Kg5 57. f4+ Kxh5 58. Qxg7 exf4 59. Qxd4) 55... exf4 $17 ({Much worse is} 55... Qxh5 56. Qxc6+ Ke7 57. Qb5 $11) 56. Qd6+ Kf7 57. Qxd4 fxg3 58. Kxg3 Qe7 (58... Kg8 $17 59. Kg4 Qe6+ 60. Kg3 Kf7) 59. e5 $11 Ke6 {Strongly threatening ...Qg5+.} 60. Qc4+ $2 (60. Kf3 $11) 60... Kxe5 $19 61. Qc3+ $2 (61. Qxc6 Qg5+ 62. Kh2) 61... Kd6 62. Qd4+ Ke6 63. Qe3+ Kd7 64. Qa7+ Ke8 $1 ({Don't take} 64... Ke6 65. Qa2+ Kd7 66. Qa7+ Ke8 67. Qb8+ Kf7 68. Qf4+ Kg8 69. Qb8+ Kf7 70. Qf4+ Kg8 71. Qb8+ Qf8 72. Qe5 $19) 65. Qb8+ Kf7 66. Qf4+ Kg8 67. Qc4+ Kh8 68. Qxc6 Qg5+ 69. Kh2 Qxh5+ 70. Kg3 Qg5+ 71. Kh2 h5 72. Qc8+ Kh7 {And now ...Qh4+ would win.} 73. Qc2+ Qg6 74. Qc4 Qf5 75. Qd4 Qg6 76. Qc4 $1 {[#]} h4 $1 77. Kh1 $2 (77. Qxh4+ $11 Qh6 78. Kh3 Qxh4+ 79. Kxh4) 77... Qg5 78. Qe4+ Kh6 79. Qe6+ g6 80. Qc8 {[%cal Rc8h8]} Qf4 {...Qe4+ is the strong threat.} 81. Qh8+ Kg5 {aiming for ...Kg4.} 82. Qh7 $2 {[#]} (82. Qe8 $19) 82... h3 $1 83. Qe7+ (83. Qxh3 Qh4) 83... Kh6 $2 (83... Kg4 $1 {mates} 84. Qe6+ Qf5 85. Qa2 Qf3+ 86. Kh2 Qg2+ $1 {[%mdl 512]} 87. Qxg2+ hxg2 88. Kxg2 g5 89. Kf2 Kh3 90. Kf1 g4 91. Kg1 Kg3 92. Kf1 Kh2 93. Ke2 g3 94. Kd3 g2 95. Kc4 g1=Q 96. Kb5 Qg6 97. Kc5 Kg3 98. Kb5 Kf4 99. Kc4 Qc6+ 100. Kd3 Qc5 101. Kd2 Ke4 102. Ke2 Qc2+ 103. Ke1 Kf3 104. Kf1 Qf2#) 84. Qe2 $1 $11 Kg5 $2 {[%mdl 8192]} (84... Kg7 $11 85. Qd3 Qg4) 85. Qe7+ {[#]} Kg4 $1 {Black mates.} 86. Qe6+ Qf5 87. Qc4+ Kg3 88. Qc7+ Qf4 89. Qc2 Qf1# {Precision: White = 43%, Black = 50%.} 0-1